Pays de la Coupe du monde 2026 - Statistiques

Statistiques générales
  • Ce quiz a été pris 10 323 fois
    9 627 depuis la dernière actualisation
  • Le résultat moyen est 37 sur 48
Réponses sur la Carte
Les réponses sont colorées sur une échelle allant du rouge au vert en fonction du pourcentage des utilisateurs qui les ont devinées à leur premier essai. Vous pouvez retrouver ces pourcentages ci-dessous.
 
Statistiques - réponses
Pays % Correct
France
100%
Espagne
98%
Maroc
97%
Argentine
96%
Brésil
96%
États-Unis
96%
Portugal
95%
Canada
94%
Mexique
94%
Algérie
93%
Allemagne
93%
Japon
93%
Angleterre
92%
Norvège
91%
Sénégal
91%
Suède
88%
Australie
87%
Belgique
86%
Colombie
84%
Corée du Sud
82%
Pays-Bas
82%
Suisse
82%
Égypte
81%
Iran
81%
Uruguay
81%
Tunisie
80%
Afrique du Sud
76%
Croatie
76%
RD Congo
76%
Turquie
76%
Nouvelle-Zélande
74%
Arabie Saoudite
72%
Irak
72%
Autriche
70%
Qatar
67%
Bosnie-Herzégovine
66%
Côte d'Ivoire
66%
Écosse
66%
Équateur
65%
Paraguay
63%
République Tchèque
59%
Ghana
53%
Panama
53%
Haïti
52%
Curaçao
45%
Cap-Vert
41%
Ouzbékistan
37%
Jordanie
36%
Aucun quiz correspondant
Distribution des résultats
% des personnes avec chaque résultat
Percentile par nombre de réponses
Votre historique - résultats
Vous n’avez pas pris ce quiz depuis la dernière actualisation